000 00704nam a2200277Ia 4500
003 OSt
005 20220912150402.0
006 a|||||r|||| 00| 0
007 ta
008 220909b |||||||| |||| 00| 0 eng d
024 _a51898
037 _cTextual
040 _aCSL
_beng
_cCSL
041 _aeng
082 _aJ:1, M1
100 _aDent D
245 0 _aSoil survey and land evaluation
260 _aLondon
_bGeorge Allen and Unwin
_c1981
300 _axvi, 278p.
_ccm.
500 _aAppendix 259-62p; Bibliography 263-70p
650 _a Soil
650 _aAgriculture
700 _a Young A
942 _hJ:1, M1
_cTEXL
_2CC
999 _c46289
_d46289